| 000 | 00522nam a2200169Ia 4500 | ||
|---|---|---|---|
| 001 | 6623 | ||
| 008 | 260622s9999 xx 000 0 und d | ||
| 020 | _a9948041747 | ||
| 245 | 0 |
_aالنبراس: رواية/ _cعلي أحمد الحميري |
|
| 260 |
_aالشارقة؛ _bدائرة الثقافة والإعلام؛ _c2003 |
||
| 300 |
_a144p; _c20x14cm |
||
| 520 | _aThe Lamp- Ali Ahmed Al Humairi | ||
| 546 | _aArabic | ||
| 650 | _aPJ7501-8517 Arabic literature | ||
| 655 |
_aFiction رواية _99475 |
||
| 942 | _cBK | ||
| 999 |
_c6623 _d6623 |
||